000
00299nam a22001217a 4500
020
_a
9780203028995
040
_a
dlc
_c
dlc
_d
dlc
_e
dlc
082
_2
624.193 THO
245
_a
SPRAYED CONCRETE LINING TUNNELLING / BY Alun Thomas
250
_a
2ND
260
_b
CRC Press
_c
2020
942
_2
ddc
_c
BK
_e
2nd
999
_c
594891
_d
594891